Restituciones : (Record no. 132055)
[ view plain ]
| 000 -LEADER | |
|---|---|
| fixed length control field | 00592nam a22001817a 4500 |
| 005 - DATE AND TIME OF LATEST TRANSACTION | |
| control field | 20170404093831.0 |
| 008 - FIXED-LENGTH DATA ELEMENTS--GENERAL INFORMATION | |
| fixed length control field | 170404b xxu||||| |||| 00| 0 eng d |
| 020 ## - INTERNATIONAL STANDARD BOOK NUMBER | |
| International Standard Book Number | 9786079193898 |
| 050 04 - LIBRARY OF CONGRESS CALL NUMBER | |
| Classification number | PQ7298.29.A363 |
| Item number | R47 2016 |
| 100 1# - MAIN ENTRY--PERSONAL NAME | |
| Personal name | Salcedo, Hugo |
| 245 10 - TITLE STATEMENT | |
| Title | Restituciones : |
| Remainder of title | Ensayos sobre literatura y teatralidades |
| Statement of responsibility, etc | / Hugo Salcedo |
| 250 ## - EDITION STATEMENT | |
| Edition statement | 1a ed. |
| 260 ## - PUBLICATION, DISTRIBUTION, ETC. (IMPRINT) | |
| Place of publication, distribution, etc | México : |
| Name of publisher, distributor, etc | La Zon@mbula |
| -- | Universidad Autónoma de Baja California, |
| Date of publication, distribution, etc | 2016 |
| 300 ## - PHYSICAL DESCRIPTION | |
| Extent | 199 p ; |
| Dimensions | 22 cm. |
| 504 ## - BIBLIOGRAPHY, ETC. NOTE | |
| Bibliography, etc | Incluye bibliografía |
| 650 #4 - SUBJECT ADDED ENTRY--TOPICAL TERM | |
| Topical term or geographic name as entry element | Literatura mexicana |
| General subdivision | Teatro |
| Form subdivision | Ensayos |
| 942 ## - ADDED ENTRY ELEMENTS (KOHA) | |
| Source of classification or shelving scheme | Biblioteca del Cogreso de los Estados Unidos |
| Koha item type | Libro |
| Estado de pérdida | Fuente de clasificación | Estado del daño | No para préstamo | Ubicación permanente | Ubicación actual | Apartado o colección | Fecha de adquisición | Fuente de adquisición | Edición | Área del conocimiento | Clasificación | Código de Barras | Date last seen | Número de copia | Tipo de recurso |
|---|---|---|---|---|---|---|---|---|---|---|---|---|---|---|---|
| Biblioteca del Cogreso de los Estados Unidos | Biblioteca de la Facultad de Bellas Artes | Biblioteca de la Facultad de Bellas Artes | General | 04/04/2017 | Donación | 1a ed. | Educación y Humanidades | PQ7298.29.A363 R47 2016 | BBA000002078 | 04/04/2017 | C : 1 | Libro |